Les pays qui ont gagné la coupe du monde. - Statistiques

Statistiques générales
  • Ce quiz a été pris 348 fois
  • Le résultat moyen est 21 sur 22
Statistiques - réponses
Date Vainqueur % Correct
1998 France
100%
2018 France
100%
1954 Allemagne
99%
1974 Allemagne
99%
1990 Allemagne
99%
2014 Allemagne
99%
2010 Espagne
99%
1958 Brésil
98%
1962 Brésil
98%
1970 Brésil
98%
1994 Brésil
98%
2002 Brésil
98%
1934 Italie
98%
1938 Italie
98%
1982 Italie
98%
2006 Italie
98%
1978 Argentine
97%
1986 Argentine
97%
2022 Argentine
97%
1930 Uruguay
91%
1950 Uruguay
91%
1966 Angleterre
90%
Aucun quiz correspondant
Distribution des résultats
% des personnes avec chaque résultat
Percentile par nombre de réponses
Votre historique - résultats
Vous n’avez pas pris ce quiz